| 000 | 00816nam a2200229Ia 4500 | ||
|---|---|---|---|
| 001 | 10127 | ||
| 003 | GE_BSU | ||
| 008 | 181216s||||||||xx |||||||||||||| ||und|| | ||
| 020 | _a9789941201158 | ||
| 040 | _cGE_BSU | ||
| 080 | _a94(479.222.2) | ||
| 100 | _aჯაფარიძე,ანანია (მიტროპოლიტი) | ||
| 245 | _aეგრისი (გამოკვლევა რუკებით) | ||
| 245 | _cსამეცნ.რედ.ი.გორგიძე | ||
| 260 | _aთბილისი | ||
| 260 | _bტექნიკური უნ–ტი | ||
| 260 | _c2012 | ||
| 300 | _a190გვ.რუკ.20სმ. | ||
| 300 | _eდამატებები გვ.89 | ||
| 653 | _aეგრისი (გამოკვლევა რუკებით) | ||
| 942 | _cBK | ||
| 999 |
_c43399 _d43399 |
||